000 00308nam a2200145Ia 4500
100 _aMurray/Katherine
650 _aMicrosoft office
942 _cBK
245 _aMicrosoft office 2007
260 _bprentice hall
_aNew Delhi
_c2007
082 _bMUR
300 _a199
546 _aENGLISH
999 _c21026
_d21026